| 000 | 01122cam a22002534a 4500 | ||
|---|---|---|---|
| 001 | 77853 | ||
| 003 | BD-RjUL | ||
| 005 | 20221213152051.0 | ||
| 008 | 210128s1998 su b 000 0 ara | ||
| 035 | _a(BD-RjUL)78079 | ||
| 040 |
_aDLC-R _cDLC-R _dDLC _beng |
||
| 041 | _aara | ||
| 082 |
_223 _a297.1225 _bIBT 1998 |
||
| 100 | 1 |
_a Ibn Kathir al-Dimashqi, Imad al-Din Abi al-Fida Ismail _dapproximately 1301-1373. _9244049 |
|
| 245 | 1 | 0 |
_aتفسير القرآن العظيم Tafsīr al-Qurʼān al-ʻAẓīm / _c عماد الدين ابي الفداء اسماعيل بن كثير الدمشقيImad al-Din Abi al-Fida Ismail ibn Kathir al-Dimashqi |
| 250 | _aal-Ṭabʻah 1. | ||
| 260 |
_aJiddah : _bبدران احياء الكتاب العربية ; _aBayrūt : _bDār Ibn Ḥazm, _c1998. |
||
| 300 |
_a v. ; _c28 cm. |
||
| 504 | _aIncludes bibliographical references. | ||
| 650 |
_aQuran _vInterpretation & criticism _9244050 |
||
| 880 | 1 | 0 |
_aتفسير القرآن العظيم / _cعماد الدين ابي الفداء اسماعيل بن كثير الدمشقي |
| 942 |
_2ddc _cBK |
||
| 999 |
_c77853 _d77853 |
||